Investment into the unit trusts in the European Union and in the Slovak Republic

Gespeichert in:
Bibliographische Detailangaben
1. Verfasser: Malacká, Viera
Format: Buchkapitel
Sprache:Englisch
Tags: Tag hinzufügen
Keine Tags, Fügen Sie das erste Tag hinzu!

MARC

LEADER 00000nla$a2200000$$$4500
001 0064800
005 20240502083156.3
041 0 |a eng 
044 |a CZ 
245 1 0 |a Investment into the unit trusts in the European Union and in the Slovak Republic  |c Viera Malacká 
100 1 |a Malacká, Viera